Engineering the Channel Tunnel / (Record no. 3806)

MARC details
000 -LEADER
fixed length control field 01010nac a22002291u 4500
008 - FIXED-LENGTH DATA ELEMENTS--GENERAL INFORMATION
fixed length control field 100913t xxu||||| |||| 00| 0 eng d
020 ## - INTERNATIONAL STANDARD BOOK NUMBER
International Standard Book Number 0419179208
082 ## - DEWEY DECIMAL CLASSIFICATION NUMBER
Classification number 624.1940916336
Item number ENG
100 ## - MAIN ENTRY--PERSONAL NAME
Personal name 20080729
9 (RLIN) 18954
245 ## - TITLE STATEMENT
Title Engineering the Channel Tunnel /
Statement of responsibility, etc Edited by Colin J. Kirkland
260 ## - PUBLICATION, DISTRIBUTION, ETC. (IMPRINT)
Place of publication, distribution, etc London :
Name of publisher, distributor, etc E & F.N. Spon, 1995.
Date of publication, distribution, etc 1995
300 ## - PHYSICAL DESCRIPTION
Extent vi,334p. :
Other physical details ill., maps,plans ;
Dimensions 24cm
500 ## - GENERAL NOTE
General note Includes index.
650 ## - SUBJECT ADDED ENTRY--TOPICAL TERM
Topical term or geographic name as entry element Railroad tunnels
General subdivision Design and construction.
Geographic subdivision English Channel
9 (RLIN) 18955
650 ## - SUBJECT ADDED ENTRY--TOPICAL TERM
Topical term or geographic name as entry element Tunnels Construction
9 (RLIN) 18956
650 ## - SUBJECT ADDED ENTRY--TOPICAL TERM
Topical term or geographic name as entry element Channel Tunnel (England and France)
9 (RLIN) 18952
650 ## - SUBJECT ADDED ENTRY--TOPICAL TERM
Topical term or geographic name as entry element Underwater tunnels
9 (RLIN) 18953
Geographic subdivision English Channel.
651 ## - SUBJECT ADDED ENTRY--GEOGRAPHIC NAME
Geographic name Channel Tunnel (England and France)
9 (RLIN) 18957
700 ## - ADDED ENTRY--PERSONAL NAME
Personal name Kirkland, C. J.
9 (RLIN) 18958
942 ## - ADDED ENTRY ELEMENTS (KOHA)
Item type Book - Borrowing
Call number prefix 624.1940916336 ENG
Source of classification or shelving scheme Dewey Decimal Classification
Holdings
Withdrawn status Item status Source of classification or shelving scheme Damaged status Not for loan Vendor Home library Current library Shelving location Date acquired Source of acquisition Total Checkouts Total Renewals Full call number Barcode Date last seen Date last borrowed Koha item type
    Dewey Decimal Classification       Central Library Central Library First floor 13/09/2010   2 25 624.1940916336 ENG 000030428 15/07/2025 01/11/2016 Book - Borrowing